000 00871nam a22002055i 4500
001 160301
003 ES-MaACL
005 20251015150358.0
008 981118s1857 fr |||| | fre d
040 _aCCPB | B
_bspa
_cCCPB | B
100 1 _aMozart, Wolfgang Amadeus,
_d1756-1791
_9240565
245 1 0 _aMozart
_b: vie d'un artiste chrétien au XVIII siècle : extraite de sa correpondance authentique /
_ctraduits et publiée pour la première fois en français par I. Goschler.
260 _aParis :
_bCharles Douniol,
_c1857 (
_fImprimerie Bailly, Divry et C\pe\s)
300 _aVIII, 351 p. ;
_c19 cm.
600 0 _aMozart, Wolfgang Amadeus,
_d1756-1791-
_xBiografías
_9223460
700 1 _aGoschler, Isidore,
_d1804-1866
_9127488
852 _aES-MaACL
_jG-9877
_z-- Enc. hol.
852 _aES-MaACL
_jD-2699
_z-- Enc. hol.
999 _c160301
_d160301